| 000 | 00853nam a22002057a 4500 | ||
|---|---|---|---|
| 999 |
_c10914 _d10914 |
||
| 003 | AR-CdUCM | ||
| 008 | 190402b ||||| |||| 00| 0 spa d | ||
| 040 |
_aMUNICIPALIDAD PROVINCIAL DEL CUSCO _cBIBLIOTECA MUNICIPAL DEL CUSCO |
||
| 082 |
_a869.2 / _bP21 / 1933 |
||
| 100 |
_aPalomeque, Rafael Alfredo _927988 |
||
| 245 |
_aSarmiento : _botros discursos / |
||
| 260 |
_aLa plata : _c1933. |
||
| 300 |
_a74 paginas ; _c20 cm. |
||
| 505 | _aContenido : Discurso pronunciado en el bautizo de la escuela N° 1 de general Sarmeinto el 4 de junio de 1933 -- Las visitadoras de higiene -- Sarmiento, edificación escolar, escuela experimental -- Perfeccionamiento profesional y cultural del maestro... | ||
| 650 |
_aLiteratura Argentina _984 |
||
| 650 |
_aHistorias personales _927989 |
||
| 650 |
_aDiscursos _91511 |
||
| 942 |
_2ddc _cLIBROS |
||
| 945 | _awnts | ||